000 00508nam a2200181Ia 4500
999 _c16477
_d16477
003 OSt
005 20200606115924.0
008 190216s9999||||xx |||||||||||||| ||und||
020 _a817138000X
040 _cMESKC library
082 _a891.433
_bPRA/A
100 _aPrabhakar, Vishnu
_9245
245 0 _aAakhir Kyon /
_cVishnu Prabhakar
260 _bSamayik Prakashan,
_aNew Delhi:
_c2007.
300 _a128p
650 _aHindi
942 _cBK
_2ddc
_h891.433
_iPRA/A
_k891.433
_mPRA/A